[Event "Winnipeg TNT April op"]
[Site "Winnipeg"]
[Date "2012.04.03"]
[Round "1"]
[White "Kernetsky, Myron"]
[Black "Milward, Dave"]
[Result "1-0"]
[WhiteElo "2036"]
[BlackElo "1717"]
[PlyCount "67"]
[EventDate "2012.04.03"]
[EventType "swiss"]
[EventRounds "4"]
[EventCountry "CAN"]
[SourceTitle "EXT 2022"]
[Source "ChessBase"]
[SourceDate "2021.10.06"]
[SourceVersion "1"]
[SourceVersionDate "2021.10.06"]
[SourceQuality "1"]

1. d4 Nf6 2. c4 g6 3. Nc3 Bg7 4. e4 d6 5. Nf3 0-0 6. h3 c5 7. d5 e6 8. Bd3 exd5 9. cxd5 a6 10. a4 Qc7 11. 0-0 Nbd7 12. Bf4 Re8 13. Re1 c4 14. Bc2 Qc5 15. Qd2 b6 16. Be3 Qc7 17. Bd4 Bb7 18. Re2 Rad8 19. Rd1 Nc5 20. Qe1 Nb3 21. Bxb3 cxb3 22. Rc1 Rc8 23. Rd1 Nd7 24. Bxg7 Kxg7 25. Qd2 Qc4 26. Qf4 Ne5 27. Red2 b5 28. axb5 axb5 29. Nd4 Ba6 30. Qg3 b4 31. Nf5+ Kh8 32. Nxd6 Qc5 33. Nxe8 bxc3 34. Qxe5+ 1-0

[Event "Winnipeg TNT February op"]
[Site "Winnipeg"]
[Date "2012.02.14"]
[Round "2"]
[White "Milward, Dave"]
[Black "Green, Jim"]
[Result "1/2-1/2"]
[WhiteElo "1731"]
[BlackElo "1817"]
[PlyCount "77"]
[EventDate "2012.02.07"]
[EventType "swiss"]
[EventRounds "4"]
[EventCountry "CAN"]
[SourceTitle "EXT 2022"]
[Source "ChessBase"]
[SourceDate "2021.10.06"]
[SourceVersion "1"]
[SourceVersionDate "2021.10.06"]
[SourceQuality "1"]

1. e4 d6 2. d4 Nf6 3. Nc3 c6 4. f4 Qa5 5. Bd3 Qb6 6. Nge2 Bg4 7. 0-0 e5 8. fxe5 dxe5 9. Na4 Qc7 10. Be3 Nbd7 11. Qd2 Bd6 12. h3 Bxe2 13. Qxe2 0-0 14. Nc5 b6 15. Nxd7 Nxd7 16. Qg4 Rfe8 17. Bc4 Re7 18. Bg5 Rae8 19. Bxe7 Rxe7 20. Rf3 exd4 21. Raf1 Ne5 22. Bxf7+ Rxf7 23. Rxf7 Nxf7 24. Qe6 Qe7 25. Qc8+ Nd8 26. Qf5 Qe6 27. Rf3 Qxf5 28. exf5 Nf7 29. Rd3 Ne5 30. Rd1 Nc4 31. b3 Ne5 32. Kf1 c5 33. Ke2 Kf7 34. a4 Kf6 35. b4 Nc4 36. bxc5 Bxc5 37. g4 Ne3 38. Rd2 h6 39. Kd3 1/2-1/2

[Event "Winnipeg TNT January op"]
[Site "Winnipeg"]
[Date "2012.01.17"]
[Round "2"]
[White "Rutter, Blair A"]
[Black "Milward, Dave"]
[Result "1-0"]
[WhiteElo "1895"]
[BlackElo "1720"]
[PlyCount "57"]
[EventDate "2012.01.10"]
[EventType "swiss"]
[EventRounds "4"]
[EventCountry "CAN"]
[SourceTitle "EXT 2022"]
[Source "ChessBase"]
[SourceDate "2021.10.06"]
[SourceVersion "1"]
[SourceVersionDate "2021.10.06"]
[SourceQuality "1"]

1. c4 Nf6 2. g3 g6 3. Bg2 Bg7 4. Nc3 0-0 5. e4 d6 6. Nge2 e5 7. 0-0 Be6 8. d3 Nc6 9. h3 a6 10. Be3 Rb8 11. a4 Qd7 12. Kh2 Ne8 13. Qd2 f5 14. f4 Nf6 15. Rad1 fxe4 16. b3 exd3 17. Qxd3 Bf5 18. Qd2 h5 19. Ng1 e4 20. Nge2 Nb4 21. Nd4 Nd3 22. Qe2 Nc5 23. Nxf5 Qxf5 24. Nd5 Nxd5 25. Rxd5 Qe6 26. Bxc5 dxc5 27. Rxc5 c6 28. Qxe4 Qd6 29. Rg5 1-0

[Event "Winnipeg Yanofsky Memorial U1800 9th"]
[Site "Winnipeg"]
[Date "2011.08.06"]
[Round "3"]
[White "Milward, Dave"]
[Black "Gannon, Keith"]
[Result "1-0"]
[WhiteElo "1746"]
[BlackElo "1607"]
[PlyCount "115"]
[EventDate "2011.08.05"]
[EventType "swiss"]
[EventRounds "5"]
[EventCountry "CAN"]
[SourceTitle "EXT 2022"]
[Source "ChessBase"]
[SourceDate "2021.10.06"]
[SourceVersion "1"]
[SourceVersionDate "2021.10.06"]
[SourceQuality "1"]

1. e4 c5 2. Nf3 d6 3. d4 cxd4 4. Nxd4 Nf6 5. Nc3 e6 6. g4 Be7 7. g5 Nfd7 8. h4 Ne5 9. Be3 Nbc6 10. Be2 0-0 11. Qd2 Nxd4 12. Qxd4 Nc6 13. Qd2 Re8 14. 0-0-0 a6 15. h5 b5 16. Rdg1 b4 17. Na4 Qa5 18. b3 Rb8 19. g6 Qe5 20. gxf7+ Kxf7 21. Qd3 Qb5 22. Qxb5 axb5 23. Nb2 Bf6 24. Bf4 Bxb2+ 25. Kxb2 e5 26. Be3 Be6 27. Ra1 Nd4 28. Bxd4 exd4 29. Rad1 d5 30. Rxd4 dxe4 31. Rxb4 Bd7 32. Rd1 Bc6 33. Rd6 Rec8 34. Bg4 Rc7 35. a4 Ke7 36. Re6+ Kf7 37. axb5 Rxb5 38. Rxb5 Bxb5 39. Rxe4 g6 40. hxg6+ hxg6 41. Be6+ Kf6 42. c4 Bc6 43. Bd5 Bxd5 44. cxd5 Kf5 45. Re2 Rd7 46. Rd2 g5 47. Kc3 g4 48. Kc4 Kf4 49. Kc5 Kf3 50. Kc6 Rh7 51. d6 Rh6 52. Kc7 Rh2 53. d7 Rxf2 54. Rxf2+ Kxf2 55. d8Q g3 56. b4 g2 57. b5 g1R 58. Qd4+ 1-0

[Event "Winnipeg TNT July op"]
[Site "Winnipeg"]
[Date "2011.07.05"]
[Round "1"]
[White "Moncal, Nilo"]
[Black "Milward, Dave"]
[Result "1/2-1/2"]
[WhiteElo "2132"]
[BlackElo "1706"]
[PlyCount "81"]
[EventDate "2011.07.05"]
[EventType "swiss"]
[EventRounds "4"]
[EventCountry "CAN"]
[SourceTitle "EXT 2022"]
[Source "ChessBase"]
[SourceDate "2021.10.06"]
[SourceVersion "1"]
[SourceVersionDate "2021.10.06"]
[SourceQuality "1"]

1. e4 c5 2. Nf3 d6 3. d4 cxd4 4. Nxd4 Nf6 5. Nc3 g6 6. f3 Bg7 7. Be3 Nc6 8. Bc4 0-0 9. Qd2 Bd7 10. 0-0-0 Rb8 11. g4 b5 12. Nxc6 Bxc6 13. Bb3 b4 14. Nd5 Bxd5 15. Bxd5 Qa5 16. Kb1 Nxd5 17. Qxd5 Rb5 18. Qb3 Rc8 19. Rd5 Rxd5 20. exd5 Qc7 21. Rd1 a5 22. Bd4 Qc4 23. Bxg7 Kxg7 24. h4 Rc5 25. Qd3 Qxd3 26. Rxd3 f5 27. b3 Rc3 28. Rxc3 bxc3 29. g5 Kf7 30. a3 e6 31. dxe6+ Kxe6 32. Kc1 Ke5 33. Kd1 Kd4 34. Ke2 f4 35. Kf2 Kd5 36. Kg2 Kd4 37. Kf2 Kd5 38. Ke2 Kd4 39. Kf2 Kd5 40. Ke1 Kc5 41. Kd1 1/2-1/2

[Event "Winnipeg TNT June op"]
[Site "Winnipeg"]
[Date "2011.06.14"]
[Round "2"]
[White "Milward, Dave"]
[Black "Babb, Jeff"]
[Result "0-1"]
[WhiteElo "1682"]
[BlackElo "2204"]
[PlyCount "96"]
[EventDate "2011.06.07"]
[EventType "swiss"]
[EventRounds "4"]
[EventCountry "CAN"]
[SourceTitle "EXT 2022"]
[Source "ChessBase"]
[SourceDate "2021.10.06"]
[SourceVersion "1"]
[SourceVersionDate "2021.10.06"]
[SourceQuality "1"]

1. e4 d6 2. d4 Nf6 3. Nc3 g6 4. f3 c6 5. Be3 Nbd7 6. Qd2 b5 7. a3 Bb7 8. Bd3 e5 9. Nge2 a6 10. 0-0 exd4 11. Nxd4 c5 12. Ndxb5 axb5 13. Bxb5 Ba6 14. Bf4 Qb6 15. a4 0-0-0 16. a5 Qb7 17. Bxa6 Qxa6 18. Nd5 Nxd5 19. Qxd5 Bg7 20. c3 Ne5 21. Bxe5 Bxe5 22. Rab1 Rd7 23. b4 Qb7 24. Qc4 Rc7 25. bxc5 Rxc5 26. Qa2 Qa7 27. Kh1 Rd8 28. a6 Rd7 29. Qa4 Kd8 30. f4 Bxc3 31. f5 Ba5 32. fxg6 hxg6 33. Qd4 Bc3 34. Qe3 Be5 35. Qh6 Ke8 36. Qh7 Kf8 37. Qxg6 Qxa6 38. Qf5 Qc8 39. h4 Re7 40. Qh7 Rb7 41. Rbd1 Rc3 42. Qh6+ Ke8 43. Qh7 Rh3+ 44. Kg1 Qc5+ 45. Rf2 Rh1+ 46. Kxh1 Qxf2 47. Qg8+ Ke7 48. Qg5+ Bf6 0-1

[Event "Winnipeg Shpan Memorial"]
[Site "Winnipeg"]
[Date "2010.11.30"]
[Round "5"]
[White "Milward, Dave"]
[Black "Trueman, Francis"]
[Result "0-1"]
[WhiteElo "1736"]
[BlackElo "1557"]
[PlyCount "20"]
[EventDate "2010.11.02"]
[EventType "swiss"]
[EventRounds "6"]
[EventCountry "CAN"]
[SourceTitle "EXT 2022"]
[Source "ChessBase"]
[SourceDate "2021.10.06"]
[SourceVersion "1"]
[SourceVersionDate "2021.10.06"]
[SourceQuality "1"]

1. e4 d6 2. d4 Nf6 3. Nc3 g6 4. f3 Bg7 5. Be3 0-0 6. Qd2 c6 7. 0-0-0 a5 8. g4 b5 9. h4 h5 10. g5 Nfd7 0-1

[Event "Winnipeg Shpan Memorial"]
[Site "Winnipeg"]
[Date "2010.11.23"]
[Round "4"]
[White "Czarny, Keith"]
[Black "Milward, Dave"]
[Result "1-0"]
[WhiteElo "1621"]
[BlackElo "1736"]
[PlyCount "43"]
[EventDate "2010.11.02"]
[EventType "swiss"]
[EventRounds "6"]
[EventCountry "CAN"]
[SourceTitle "EXT 2022"]
[Source "ChessBase"]
[SourceDate "2021.10.06"]
[SourceVersion "1"]
[SourceVersionDate "2021.10.06"]
[SourceQuality "1"]

1. Nf3 Nf6 2. c4 g6 3. Nc3 Bg7 4. e4 d6 5. d4 0-0 6. Bd3 e5 7. dxe5 dxe5 8. 0-0 c6 9. Nxe5 Nxe4 10. Nxc6 Nxc6 11. Nxe4 Qh4 12. Bg5 Qg4 13. Qxg4 Bxg4 14. Nf6+ Bxf6 15. Bxf6 Rfe8 16. Rfe1 Kf8 17. a3 Rac8 18. Be4 Re6 19. Bc3 Ne5 20. f3 Bf5 21. Bxb7 Rc5 22. Bb4 1-0

[Event "Winnipeg Shpan Memorial"]
[Site "Winnipeg"]
[Date "2010.11.09"]
[Round "2"]
[White "Chewynn, Masur"]
[Black "Milward, Dave"]
[Result "0-1"]
[WhiteElo "1207"]
[BlackElo "1736"]
[PlyCount "74"]
[EventDate "2010.11.02"]
[EventType "swiss"]
[EventRounds "6"]
[EventCountry "CAN"]
[SourceTitle "EXT 2022"]
[Source "ChessBase"]
[SourceDate "2021.10.06"]
[SourceVersion "1"]
[SourceVersionDate "2021.10.06"]
[SourceQuality "1"]

1. e4 c5 2. b3 Nf6 3. Nc3 Nc6 4. Bc4 e6 5. Nf3 Be7 6. d3 0-0 7. e5 d5 8. exd6 Bxd6 9. 0-0 a6 10. Bb2 b5 11. Ne4 Nxe4 12. dxe4 bxc4 13. e5 Be7 14. bxc4 Qxd1 15. Rfxd1 Rd8 16. Re1 Rb8 17. Bc3 Nd4 18. Rac1 Nxf3+ 19. gxf3 Bb7 20. Re3 Bg5 21. Bd2 Rxd2 22. Rb3 Rd3 23. cxd3 Bxc1 24. Kg2 Bf4 25. a4 Bxf3+ 26. Kxf3 Rxb3 27. Kxf4 Rxd3 28. Ke4 Rd4+ 29. Kf3 Kf8 30. Kg3 Rxc4 31. a5 Rd4 32. f4 c4 33. h4 c3 34. h5 c2 35. Kg4 c1Q 36. h6 Qxf4+ 37. Kh5 Qf5# 0-1

[Event "Winnipeg TNT July op"]
[Site "Winnipeg"]
[Date "2010.07.13"]
[Round "2.4"]
[White "Milward, Dave"]
[Black "Li, Henry2222"]
[Result "1-0"]
[WhiteElo "1663"]
[BlackElo "1463"]
[PlyCount "59"]
[EventDate "2010.07.06"]
[EventType "swiss"]
[EventRounds "4"]
[EventCountry "CAN"]
[SourceTitle "EXT 2022"]
[Source "ChessBase"]
[SourceDate "2021.10.06"]
[SourceVersion "1"]
[SourceVersionDate "2021.10.06"]
[SourceQuality "1"]

1. e4 e6 2. d4 d5 3. Nc3 Bb4 4. e5 Nc6 5. Nf3 Bxc3+ 6. bxc3 f6 7. exf6 Nxf6 8. Bd3 Qd6 9. 0-0 e5 10. dxe5 Nxe5 11. Nxe5 Qxe5 12. Re1 Qxe1+ 13. Qxe1+ Kf7 14. Ba3 Re8 15. Qd2 Bd7 16. Re1 Rxe1+ 17. Qxe1 Re8 18. Qd2 b6 19. h3 c5 20. Qg5 h6 21. Qg6+ Kf8 22. Kh2 a5 23. Bc1 Ne4 24. Bxe4 dxe4 25. Qd6+ Re7 26. Be3 Be6 27. Qxb6 a4 28. Bxc5 Kf7 29. Bxe7 Kxe7 30. Qb7+ 1-0

[Event "Winnipeg TNT June op"]
[Site "Winnipeg"]
[Date "2010.06.15"]
[Round "3"]
[White "Evans, Brian"]
[Black "Milward, Dave"]
[Result "0-1"]
[WhiteElo "1588"]
[BlackElo "1662"]
[PlyCount "70"]
[EventDate "2010.06.01"]
[EventType "swiss"]
[EventRounds "5"]
[EventCountry "CAN"]
[SourceTitle "EXT 2022"]
[Source "ChessBase"]
[SourceDate "2021.10.06"]
[SourceVersion "1"]
[SourceVersionDate "2021.10.06"]
[SourceQuality "1"]

1. e4 c5 2. Nf3 d6 3. d4 cxd4 4. Nxd4 Nf6 5. Nc3 g6 6. Be3 Bg7 7. Be2 0-0 8. 0-0 Nc6 9. Nxc6 bxc6 10. f3 Be6 11. Qd2 Re8 12. Rfd1 Qa5 13. Nd5 Qxd2 14. Nxf6+ Bxf6 15. Rxd2 Bxb2 16. Rb1 Bf6 17. c4 c5 18. Rc2 Rab8 19. Rcc1 a5 20. a4 Rb4 21. Rxb4 axb4 22. Bd1 Ra8 23. Bb3 Bd7 24. Rc2 Bxa4 25. Ra2 Bc6 26. Rxa8+ Bxa8 27. Ba4 Kg7 28. Kf2 Bc3 29. Ke2 Kf6 30. Kd3 Ke6 31. f4 f5 32. exf5+ Kxf5 33. Bd7+ e6 34. g3 Be4+ 35. Ke2 b3 0-1

[Event "Winnipeg TNT April"]
[Site "Winnipeg"]
[Date "2010.04.27"]
[Round "4"]
[White "Green, Jim"]
[Black "Milward, Dave"]
[Result "1/2-1/2"]
[WhiteElo "1768"]
[BlackElo "1647"]
[PlyCount "69"]
[EventDate "2010.04.06"]
[EventType "swiss"]
[EventRounds "4"]
[EventCountry "CAN"]
[SourceTitle "EXT 2019"]
[Source "ChessBase"]
[SourceDate "2018.10.10"]
[SourceVersion "1"]
[SourceVersionDate "2018.10.10"]
[SourceQuality "1"]

1. e4 c5 2. Nf3 d6 3. Bb5+ Bd7 4. Bxd7+ Qxd7 5. 0-0 Nc6 6. Qe2 Nf6 7. c3 e5 8. Rd1 Be7 9. d3 0-0 10. Nbd2 Qc7 11. Nf1 d5 12. Ng3 Rfd8 13. Bg5 h6 14. Bxf6 Bxf6 15. h3 d4 16. c4 g6 17. Nf1 Bg7 18. N1h2 a6 19. Nd2 b5 20. Nhf3 Rab8 21. g4 Rb7 22. Kg2 Rdb8 23. h4 Na5 24. b3 bxc4 25. bxc4 Rb2 26. Rdb1 Qd7 27. Ne1 Qa4 28. Qd1 Qxd1 29. Rxd1 R8b4 30. Nef3 Ra4 31. a3 Nb3 32. Rab1 Rxb1 33. Nxb1 Na1 34. Rd2 Nb3 35. Rb2 1/2-1/2

[Event "Two Weekends Before Christmas"]
[Site "Edmonton"]
[Date "2001.12.15"]
[Round "3"]
[White "Gomboc, Dave"]
[Black "Milward, Dave"]
[Result "1/2-1/2"]
[WhiteElo "1935"]
[BlackElo "1760"]
[PlyCount "39"]
[EventDate "2001.12.15"]
[EventType "swiss"]
[EventRounds "5"]
[EventCountry "CAN"]
[SourceTitle "EXT 2017"]
[Source "ChessBase"]
[SourceDate "2016.10.25"]
[SourceVersion "1"]
[SourceVersionDate "2016.10.25"]
[SourceQuality "1"]

1. e4 g6 2. d4 Bg7 3. c4 d6 4. Nc3 Nf6 5. f4 0-0 6. Nf3 c5 7. d5 e6 8. Be2 exd5 9. cxd5 Re8 10. e5 Ng4 11. 0-0 a6 12. a4 dxe5 13. fxe5 Nxe5 14. Bf4 Nbd7 15. Nxe5 Bxe5 16. Qd2 Qe7 17. Rf3 Bd4+ 18. Kh1 Ne5 19. Rg3 Qh4 20. Bg5 1/2-1/2